سمند ر کی گو د میں (Record no. 149217)

MARC details
000 -LEADER
fixed length control field 00805nam a22001937a 4500
005 - DATE AND TIME OF LATEST TRANSACTION
control field 20180115110045.0
010 ## - LCCN (DPL NO)
LC control number UR-10021
020 ## - INTERNATIONAL STANDARD BOOK NUMBER
Terms of availability 250.00
International Standard Book Number -
035 ## - SYSTEM CONTROL NUMBER
System control number U-8576
037 ## - SOURCE OF ACQUISITION
Source of stock number/acquisition DBAD/PUB
100 ## - MAIN ENTRY--PERSONAL NAME
Personal name محمد نصیر ا لد ین منشا و ی
245 ## - TITLE STATEMENT
Title سمند ر کی گو د میں
Statement of responsibility, etc محمد نصیر ا لد ین منشا و ی
246 ## - VARYING FORM OF TITLE
Remainder of title Samandar Ki Goad Mein
Title proper/short title by Mohd. Naseeruddin Minshavi
260 ## - PUBLICATION, DISTRIBUTION, ETC. (IMPRINT)
Place of publication, distribution, etc Haiderabad
Name of publisher, distributor, etc Sharfia Tajveed wa Qiryat,Hifz Acedemy & Educational Institute
Date of publication, distribution, etc 2015
270 ## - ADDRESS
Address Near Masjid Noor,Qadeem Mulk Peeth,
City Hyderabad
Postal code 500036
Telephone number 9393072196
Fax number -
300 ## - PHYSICAL DESCRIPTION
Extent 113 ص
Dimensions 22 Cm.(B.b)
500 ## - GENERAL NOTE
General note دو حصہ
942 ## - ADDED ENTRY ELEMENTS (KOHA)
Source of classification or shelving scheme Dewey Decimal Classification
Item type Urdu Bks
Classification part 841
Call number suffix ا ط ی

No items available.


© Delhi Public Library
Hit Counter
free hit counter